[Event "GER-ch U18 sf Berlin Online"]
[Site "Playchess.com INT"]
[Date "2020.05.01"]
[Round "5"]
[White "Ivanov, Nikita"]
[Black "Widiker, Vincent"]
[Result "1-0"]
[WhiteElo "1620"]
[BlackElo "1620"]
[PlyCount "37"]
[EventDate "2020.05.01"]
[EventType "swiss (blitz)"]
[EventRounds "13"]
[EventCountry "GER"]
[SourceTitle "CBM 195 Extra"]
[Source "ChessBase"]
[SourceDate "2020.05.31"]
[SourceVersion "1"]
[SourceVersionDate "2020.05.31"]
[SourceQuality "1"]

1. d4 d5 2. c4 dxc4 3. e4 Nc6 4. Nf3 Bg4 5. Bxc4 Bxf3 6. Qxf3 Nxd4 7. Qd1 e6 8. Nc3 Bb4 9. 0-0 Nf3+ 10. Qxf3 Bxc3 11. Qxc3 Nf6 12. e5 Ne4 13. Qe3 Ng5 14. Qxg5 f6 15. exf6 gxf6 16. Qg7 Rf8 17. Bxe6 Qd4 18. Be3 Qxb2 19. Qd7# 1-0

[Event "GER-ch U18 sf Berlin Online"]
[Site "Playchess.com INT"]
[Date "2020.05.01"]
[Round "9"]
[White "Widiker, Vincent"]
[Black "Keuper, David"]
[Result "0-1"]
[WhiteElo "1620"]
[BlackElo "1620"]
[PlyCount "39"]
[EventDate "2020.05.01"]
[EventType "swiss (blitz)"]
[EventRounds "13"]
[EventCountry "GER"]
[SourceTitle "CBM 195 Extra"]
[Source "ChessBase"]
[SourceDate "2020.05.31"]
[SourceVersion "1"]
[SourceVersionDate "2020.05.31"]
[SourceQuality "1"]

1. e4 c5 2. Qh5 e6 3. Nf3 Qc7 4. Ne5 g6 5. Qg5 f6 6. Qf4 Qxe5 7. Qxe5 fxe5 8. Bc4 Nc6 9. d3 Nf6 10. Bg5 Bg7 11. Bxf6 Bxf6 12. Na3 0-0 13. Nb5 a6 14. Nc7 Rb8 15. Nd5 exd5 16. Bxd5+ Kg7 17. Bxc6 bxc6 18. 0-0 Rxb2 19. Rfe1 Rxc2 20. Re3 0-1